00655nam a2200205Ia 450000500170000000800410001702000180005804000180007604100080009408200240010210000250012624500680015125000120021926000550023130000240028665000310031065000320034165000400037365000360041320220905105345.0210716s2001 xx 000 0 und d a9780071181785 cAIMIT LIBRARY aeng a620.00151 21bPALW aPalm III, William J. aIntroduction to matlab 6 for engineers /cBy William J Palm III a1st ed. aNew York :bMc Graw Hill Higher Education ,c2001. axix,600p. ;c23 cm. aMatlab and problem solving aArray and matrix operations aFIles functions and data structures aSymbolic processing with matlab